000 00615nam a2200241Ia 4500
003 OSt
005 20220918174641.0
006 a|||||r|||| 00| 0
007 ta
008 220917b |||||||| |||| 00| 0 eng d
024 _a13,311
037 _cTextual
040 _aARTS
_cARTS
_beng
041 _2eng
_aeng
082 _aN19M0aY, N0
100 _aMarwick Arthur
_916157
245 0 _aArt, literature and society
260 _aLondon
_bRoutledge
_c1990
300 _axii, 332p.
_ccm.
650 _aARTS
942 _hN19M0aY, N0
_cTEXL
_2CC
999 _c154074
_d154074